Thom v Hetherington (Record no. 13411)

MARC details
000 -LEADER
fixed length control field 01556cab a2200241 4500
001 - CONTROL NUMBER
control field ABS39913
008 - FIXED-LENGTH DATA ELEMENTS--GENERAL INFORMATION
fixed length control field 090401t1988 xxu||||| |||| 00| 0 eng d
035 ## - SYSTEM CONTROL NUMBER
System control number (Sirsi) u20015
041 ## - LANGUAGE CODE
Language code of text/sound track or separate title eng
245 ## - TITLE STATEMENT
Title Thom v Hetherington
260 ## - PUBLICATION, DISTRIBUTION, ETC.
Date of publication, distribution, etc. 1988
350 ## - PRICE (NR) (BK AM CF MU VM SE) [OBSOLETE]
Price 0
490 ## - SERIES STATEMENT
Series statement Scots Law Times
Volume/sequential designation (1988) SLT 724-728(5)
520 ## - SUMMARY, ETC.
Summary, etc. This case concerned a cherry tree growing on the defender`s land which had extended its roots into the pursuer`s land. Although the tree was removed, its presence close to the wall had caused severe cracking in the brickwork. The defender erected a fence close to and along the length of the wall.The pursuer averred that substantial sections of the foundation of the wall had been cut away to receive the fence posts thus severly damaging the foundations and destabilising the wall. The pursuer also averred that repair and maintenance of the wall had been rendered more difficult and expensive by the presence of the fence; and that the wall was common property and that such abnormal and extraordinary use as the defender had made of it was wrongful. It was held that the wall was mutual property with each proprietor owning the half on their respective side and having a common interest in the whole wall, and that a proprietor could make such alterations as he chose to his own part of the pro
650 ## - SUBJECT ADDED ENTRY--TOPICAL TERM
Topical term or geographic name entry element BOUNDARY WALLS
650 ## - SUBJECT ADDED ENTRY--TOPICAL TERM
Topical term or geographic name entry element DAMAGE
650 ## - SUBJECT ADDED ENTRY--TOPICAL TERM
Topical term or geographic name entry element MUTUAL WALLS
650 ## - SUBJECT ADDED ENTRY--TOPICAL TERM
Topical term or geographic name entry element SCOTLAND
650 ## - SUBJECT ADDED ENTRY--TOPICAL TERM
Topical term or geographic name entry element TREE ROOTS
690 ## - LOCAL SUBJECT ADDED ENTRY--TOPICAL TERM (OCLC, RLIN)
Topical term or geographic name as entry element PROPERTY LAW AND PRACTICE-CASE LAW
942 ## - ADDED ENTRY ELEMENTS (KOHA)
Suppress in OPAC 0
948 ## - LOCAL PROCESSING INFORMATION (OCLC); SERIES PART DESIGNATOR (RLIN)
c (OCLC) 04/03/1997
Holdings
Withdrawn status Lost status Source of classification or shelving scheme Damaged status Not for loan Home library Current library Shelving location Date acquired Total Checkouts Full call number Barcode Date last seen Copy number Price effective from Koha item type
    Dewey Decimal Classification     London London Journal article 14/09/1999   ABS39913 20015-1001 06/08/2019 1 06/08/2019 Law report